| 000 | 00471nam a2200169 i 4500 | ||
|---|---|---|---|
| 001 | 20742 | ||
| 003 | ES-MaACL | ||
| 005 | 20230906152344.0 | ||
| 007 | t| | ||
| 008 | 021118s1960 sp ||||1| spa d | ||
| 100 | 1 |
_aAdmetlla, Eduardo. _918454 |
|
| 245 | 1 | 3 |
_aLa llamada de las profundidades / _cEduardo Admetlla. |
| 250 | _a2ª ed. | ||
| 260 |
_aBarcelona : _bJuventud, _c1960. |
||
| 300 |
_a224 p., 14 lám. : _bil. ; _c23 cm. |
||
| 852 |
_aES-MaACL _jC-17630 _bR.45774 |
||
| 999 |
_c20742 _d20742 |
||